000 01116njm a22002657a 4500
005 20100909141837.0
006 a|||||r|||||00| 0
007 sd ammalaaahaa
008 100909t xxu||||| |||| 00| 0 eng d
028 _aN.55379
_bHis Master's Voice
035 _aGR-01627
040 _aSED
_cSED
100 _917690
_aSanamkada
245 _aBahu Begum /
_cby Sanamkada; sung by Lata Mangeshkar [and] Mohd.Rafi; music by Roshan; lyric by Sahir Ludhianvi
_h[Sound Recording] :
246 _aबहु बेगम /
260 _aDum Dum India
_bHis Master's Voice
_c1966
300 _a1 sound disc (Gramophone Recording)
_banalog, 33 1/3 rpm
_c9.5 in. (MP)
_fGramophone Record
500 _aBrief Record
505 _aSide-1 लोग कहते है (Log Kehte Hai) (Mohd.Rafi) -- Side-2 क्या जवाब दें (Kya Jawaab Dein ) (Lata Mangeshkar).
650 _aClassical Music
_xExcerpts
_zIndia
_917691
700 _aMohd.Rafi
_919158
700 _aMangeshkar, Lata
_91184
942 _2ddc
_cGR
999 _c44802
_d44802